Bullha Shah / (Record no. 528123)
[ view plain ]
| 000 -LEADER | |
|---|---|
| fixed length control field | 00438nam a22001697a 4500 |
| 003 - CONTROL NUMBER IDENTIFIER | |
| control field | NUST |
| 020 ## - INTERNATIONAL STANDARD BOOK NUMBER | |
| International Standard Book Number | 9789693706857 |
| Qualifying information | P/B. |
| 038 ## - RECORD CONTENT LICENSOR | |
| Staff Name | waseem |
| 082 ## - DEWEY DECIMAL CLASSIFICATION NUMBER | |
| Classification number | 891.421 |
| Author Mark | BHA |
| 100 ## - MAIN ENTRY--PERSONAL NAME | |
| Personal name | Bhatti, Amjad Ali |
| 9 (RLIN) | 14347 |
| 245 ## - TITLE STATEMENT | |
| Title | Bullha Shah / |
| Statement of responsibility, etc. | Amjad Ali Bhatti |
| 260 ## - PUBLICATION, DISTRIBUTION, ETC. | |
| Place of publication, distribution, etc. | Islamabad : |
| Name of publisher, distributor, etc. | N.B.F, |
| Date of publication, distribution, etc. | 2019. |
| 300 ## - PHYSICAL DESCRIPTION | |
| Extent | 168 p. ; |
| 880 ## - ALTERNATE GRAPHIC REPRESENTATION | |
| Title | 100-01\r |
| b | امجد علی بھٹی |
| 880 ## - ALTERNATE GRAPHIC REPRESENTATION | |
| Title | 245-02\r |
| b | بُلھے شاہ |
| 942 ## - ADDED ENTRY ELEMENTS (KOHA) | |
| Source of classification or shelving scheme | |
| Koha item type | Book |
| Withdrawn status | Lost status | Source of classification or shelving scheme | Damaged status | Not for loan | Permanent Location | Current Location | Date acquired | Source of acquisition | Total Checkouts | Total Renewals | Full call number | Barcode | Date last seen | Date last checked out | Price effective from | Koha item type |
|---|---|---|---|---|---|---|---|---|---|---|---|---|---|---|---|---|
| Central Library (CL) | Central Library (CL) | 08/29/2019 | Donation | 3 | 5 | 891.421 BHA | CL-D-537 | 02/11/2025 | 02/10/2025 | 08/29/2019 | Book |
